LIBRARY & INFORMATION CENTRE, KCAET, TAVANUR

ONLINE PUBLIC ACCESS CATALOGUE (OPAC)

Text book of plant physiology / (Record no. 10768)

MARC details
000 -LEADER
fixed length control field 00506cam a2200205ua 4500
041 ## - LANGUAGE CODE
Language code of text/sound track or separate title eng
082 ## - DEWEY DECIMAL CLASSIFICATION NUMBER
Classification number 581.1
Item number KOC/TE
100 ## - MAIN ENTRY--AUTHOR NAME
Personal name Kochhar, P.L .
245 ## - TITLE STATEMENT
Title Text book of plant physiology /
250 ## - EDITION STATEMENT
Edition statement 17 /
260 ## - PUBLICATION, DISTRIBUTION, ETC. (IMPRINT)
Place of publication Delhi :
Name of publisher Atmaram and Sons ,
Year of publication 1995.
300 ## - PHYSICAL DESCRIPTION
Number of Pages 583 ; .
700 1# - ADDED ENTRY--PERSONAL NAME
Personal name Krishnamoorthy, H.N .
942 ## - ADDED ENTRY ELEMENTS (KOHA)
Koha item type Books
Holdings
Withdrawn status Lost status Damaged status Home library Current library Date acquired Full call number Accession Number Koha item type
      KAUAET KAUAET 07/04/2012 581.1 KOC/TE 19439 Books
      KAUAET KAUAET 07/04/2012 581.1 KOC/TE 15936 Books
free website counter